Sports car (Lyrics)- Tate McRae - Statistics

General Stats
  • This quiz has been taken 474 times
  • The average score is 282 of 338
Answer Stats
Answer % Correct
I
99%
you
98%
You
98%
a
97%
go
96%
car
95%
in
95%
In
95%
know
95%
sports
95%
what
95%
this
94%
can
93%
think
93%
We
93%
we
93%
is
92%
it
92%
got
90%
Got
90%
me
90%
no
90%
No
90%
Oh
90%
my
89%
real
89%
do
88%
drive
88%
far
88%
While
88%
Yeah
88%
the
87%
of
86%
but
84%
But
84%
don't
84%
uh
84%
uh-uh
84%
jeans
83%
Take
83%
take
83%
wanna
83%
off
82%
On
81%
on
81%
mine
80%
ain't
78%
make
78%
back
77%
can't
76%
Hey
76%
I'm
76%
room
76%
time
76%
cute
75%
your
75%
choose
74%
more
74%
windows
74%
down
73%
And
72%
and
72%
Boy
72%
knees
72%
seat
72%
eyes
71%
at
70%
goin'
70%
hazel
69%
weak
69%
lookin'
68%
one
68%
share
68%
those
68%
With
68%
gee
67%
rolled
67%
you're
67%
center
66%
golly
66%
could
64%
Mrs
64%
waste
64%
So
63%
keys?
62%
own
62%
again
61%
like
61%
put
61%
good
60%
right
60%
alley
59%
beach
59%
corner
59%
did
58%
hurts
58%
before
57%
blue
57%
feels
57%
Let's
57%
maybe
57%
Where'd
56%
bed
55%
Pretty
55%
ride
55%
verse
55%
'bout
52%
butterflies
52%
four
52%
Thinkin'
52%
three
52%
times
52%
streetlights
48%
if
39%
type
34%
guy
27%
No matching quizzes found
Score Distribution
Percent of People with Each Score
Percentile by Number Answered
Your Score History
You have not taken this quiz